MARC

LEADER 00000nam0a2200000 4500
001 131948
005 20240404111557.0
035 |a (RuTPU)RU\TPU\book\142883 
090 |a 131948 
100 |a 20080226d1958 m y0rusy50 ca 
101 0 |a rus 
102 |a RU 
105 |a a z 000cb 
200 1 |a За огненным камнем. [Очерк о Л. А. Кулике]  |f И. Б. Евгеньев, Л. И. Кузнецова 
210 |a Москва  |c Географгиз  |d 1958 
215 |a 213 с.  |c ил. 
600 1 |a Кулик  |b Л. А.  |c российский минералог  |c организатор метеоритных исследований  |f 1883-1942  |g Леонид Алексеевич  |2 stltpush  |3 (RuTPU)RU\TPU\pers\12471  |9 3478 
606 1 |a Метеориты  |2 stltpush  |3 (RuTPU)RU\TPU\subj\72118  |9 85704 
610 1 |a поиск 
610 1 |a Тунгусский метеорит 
610 1 |a Сибирь 
675 |a 523.68  |v 4 
700 1 |a Евгеньев  |b И. Б.  |g Илья Борисович 
701 1 |a Кузнецова  |b Л. И.  |g Любовь Иосифовна 
801 1 |a RU  |b 63413507  |c 20080226  |g PSBO 
801 2 |a RU  |b 63413507  |c 20171208  |g PSBO 
942 |c BK